[Event "ICS rated blitz match"]
[Site "204.178.125.65"]
[Date "1999.10.11"]
[Round "?"]
[White "Hossa"]
[Black "Oystein"]
[Result "1/2-1/2"]
[WhiteElo "2430"]
[BlackElo "2196"]
[PlyCount "105"]
[EventDate "1999.??.??"]

1. e4 c5 2. Nf3 d6 3. d4 cxd4 4. Nxd4 Nf6 5. Nc3 g6 6. Be3 Bg7 7. f3 O-O 8. Qd2
Nc6 9. O-O-O d5 10. exd5 Nxd5 11. Nxc6 bxc6 12. Nxd5 cxd5 13. Qxd5 Qc7 14. Qxa8
Bf5 15. Qxf8+ Kxf8 16. Bd3 Qe5 17. Bxa7 Qxb2+ 18. Kd2 Bxd3 19. Kxd3 Qxa2 20.
Be3 h5 21. Kd2 Be5 22. Bh6+ Kg8 23. f4 Bf6 24. h4 Qd5+ 25. Kc1 Qxg2 26. Bg5
Bxg5 27. fxg5 Qe4 28. Kb1 Qb4+ 29. Ka2 Kg7 30. Rh3 Qg4 31. Rdd3 f6 32. gxf6+
exf6 33. Rdg3 Qc4+ 34. Kb2 Kh6 35. Rc3 Qd4 36. Kc1 Qf4+ 37. Kb2 Qb4+ 38. Kc1
Qe4 39. Rcf3 Qd4 40. Rc3 Qd5 41. Rcf3 Qd6 42. Rf1 g5 43. Rhf3 Kg6 44. Rxf6+
Qxf6 45. Rxf6+ Kxf6 46. hxg5+ Kxg5 47. Kd1 Kf4 48. Ke2 h4 49. c4 Ke4 50. c5 Kd5
51. Kf2 Kxc5 52. Kg2 h3+ 53. Kxh3 {
Game drawn because neither player has mating material} 1/2-1/2

[Event "ICS rated blitz match"]
[Site "204.178.125.65"]
[Date "1999.10.04"]
[Round "?"]
[White "Hossa"]
[Black "Oystein"]
[Result "1/2-1/2"]
[WhiteElo "2372"]
[BlackElo "2290"]
[PlyCount "109"]
[EventDate "1999.??.??"]

1. e4 c5 2. c3 d5 3. exd5 Qxd5 4. d4 Nc6 5. Be3 cxd4 6. cxd4 e5 7. Nc3 Bb4 8.
dxe5 Qxd1+ 9. Rxd1 Nge7 10. Bb5 O-O 11. Nf3 Bg4 12. Be2 Ng6 13. Bd2 Ncxe5 14.
Nxe5 Nxe5 15. Bxg4 Nxg4 16. O-O Rad8 17. a3 Bd6 18. h3 Nf6 19. Be3 a6 20. Bb6
Rd7 21. Bd4 Rfd8 22. Bxf6 gxf6 23. b4 Be5 24. Rxd7 Rxd7 25. Rd1 Rxd1+ 26. Nxd1
Bd4 27. Kf1 Kf8 28. Ke2 Ke7 29. Kd3 Be5 30. a4 Ke6 31. Kc4 Kd6 32. Ne3 h5 33.
Nf5+ Kc6 34. Ng7 b5+ 35. axb5+ axb5+ 36. Kb3 Bd4 37. Nxh5 Bxf2 38. Nxf6 Bh4 39.
Nh5 Kd5 40. g3 Be7 41. g4 Ke4 42. Ng3+ Kf4 43. Nf5 Bf8 44. Kc3 Kg5 45. Ne3 Kh4
46. Nd5 Kxh3 47. g5 Kh4 48. Nc7 Kxg5 49. Nxb5 Bxb4+ 50. Kxb4 f5 51. Nd6 f4 52.
Kc4 f3 53. Kd4 f2 54. Ne4+ Kf4 55. Nxf2 {
Game drawn because neither player has mating material} 1/2-1/2

[Event "ICS rated blitz match"]
[Site "204.178.125.65"]
[Date "1999.10.06"]
[Round "?"]
[White "Hossa"]
[Black "PUBCHESS"]
[Result "1/2-1/2"]
[WhiteElo "2489"]
[BlackElo "2444"]
[PlyCount "161"]
[EventDate "1999.??.??"]

1. c4 Nf6 2. Nc3 e6 3. d4 d5 4. cxd5 exd5 5. Bg5 c6 6. e3 Be7 7. Bd3 Nbd7 8.
Nge2 O-O 9. O-O Re8 10. Qc2 Nf8 11. Ng3 g6 12. Qe2 Ne6 13. Bh6 Bf8 14. Bxf8
Nxf8 15. Qf3 Ne6 16. Rac1 Ng5 17. Qf4 Ne6 18. Qh4 Kg7 19. Rfe1 Ng8 20. Qxd8
Rxd8 21. b4 a6 22. Na4 Ne7 23. Nb6 Rb8 24. a4 Nc7 25. a5 Be6 26. e4 dxe4 27.
Rxe4 Ncd5 28. Bc4 Re8 29. Rce1 Kf8 30. Bxd5 Nxd5 31. Nxd5 cxd5 32. R4e2 Rec8
33. Rb2 Rc4 34. Ne2 Rbc8 35. h4 Rc2 36. Rb3 Ke7 37. Kh2 Kd6 38. Kg3 h5 39. b5
Ra2 40. bxa6 bxa6 41. Nf4 Rxa5 42. Nxe6 fxe6 43. Rb6+ Rc6 44. Rxc6+ Kxc6 45.
Rxe6+ Kb5 46. Rxg6 Kc4 47. Rh6 Ra3+ 48. f3 a5 49. Rxh5 Rb3 50. Kf4 Rb8 51. Rh7
Ra8 52. Ke5 a4 53. Rc7+ Kd3 54. g4 a3 55. Rc1 a2 56. Ra1 Kc2 57. Kxd5 Kb2 58.
Rh1 a1=Q 59. Rxa1 Rxa1 60. Ke5 Kc3 61. d5 Re1+ 62. Kf5 Kd4 63. d6 Kc5 64. d7
Rd1 65. f4 Kc6 66. Kf6 Kxd7 67. f5 Ke8 68. Kg6 Kf8 69. g5 Kg8 70. f6 Rd6 71. h5
Rd7 72. h6 Ra7 73. Kh5 Ra5 74. Kg6 Ra7 75. Kh5 Rb7 76. g6 Rb5+ 77. Kg4 Rb4+ 78.
Kf5 Rb5+ 79. Kg4 Rb4+ 80. Kf5 Rb5+ 81. Kg4 {Game drawn by repetition} 1/2-1/2

[Event "ICS rated blitz match"]
[Site "204.178.125.65"]
[Date "1999.10.06"]
[Round "?"]
[White "Hossa"]
[Black "PUBCHESS"]
[Result "1-0"]
[WhiteElo "2554"]
[BlackElo "2306"]
[PlyCount "34"]
[EventDate "1999.??.??"]

1. d4 Nf6 2. c4 e6 3. Nf3 d5 4. Nc3 c6 5. Bg5 Nbd7 6. e3 Qa5 7. Be2 Bb4 8. O-O
Bxc3 9. Bxf6 Nxf6 10. bxc3 Qxc3 11. Qa4 dxc4 12. Rfc1 Qb2 13. Qxc4 Qb6 14. Bd3
Qd8 15. Qc5 Qe7 16. Qg5 O-O 17. Ne5 17... Nd7 {PUBCHESS resigns} 1-0

[Event "ICS rated blitz match"]
[Site "204.178.125.65"]
[Date "1999.10.06"]
[Round "?"]
[White "Hossa"]
[Black "PUBCHESS"]
[Result "1-0"]
[WhiteElo "2547"]
[BlackElo "2317"]
[PlyCount "57"]
[EventDate "1999.??.??"]

1. d4 Nf6 2. c4 e6 3. Nf3 d5 4. Nc3 c6 5. Bg5 Nbd7 6. e3 Be7 7. Bd3 O-O 8. O-O
a6 9. Qc2 b5 10. cxd5 cxd5 11. Ne5 h6 12. Nc6 Qe8 13. Bf4 Bb7 14. Na5 Ra7 15.
Nxb7 Rxb7 16. Rac1 Nb6 17. Qe2 Qd7 18. a4 bxa4 19. Bxa6 Ra7 20. Ra1 Bd6 21.
Bxd6 Qxd6 22. Nb5 Qd7 23. Nxa7 Qxa7 24. Rfc1 Ra8 25. Bb5 Ne4 26. Rc6 Qa5 27.
Bd3 Nd2 28. Rc5 Qb4 29. Rb5 {PUBCHESS resigns} 1-0

[Event "ICS rated blitz match"]
[Site "204.178.125.65"]
[Date "1999.09.20"]
[Round "?"]
[White "Hossa"]
[Black "PUBCHESS"]
[Result "1/2-1/2"]
[WhiteElo "2386"]
[BlackElo "2317"]
[PlyCount "146"]
[EventDate "1999.??.??"]

1. e4 c5 2. Nf3 d6 3. Bb5+ Nd7 4. O-O Ngf6 5. d3 e6 6. Bg5 Be7 7. c4 O-O 8. Nc3
h6 9. Be3 Qc7 10. b3 a6 11. Bxd7 Bxd7 12. Qe2 b5 13. a3 Rab8 14. Rfb1 Rb7 15.
Rb2 Rfb8 16. Nd2 Be8 17. f3 Nd7 18. Rc2 Bf6 19. cxb5 axb5 20. Rac1 Qa5 21. a4
Bxc3 22. Rxc3 bxa4 23. Nc4 Qa6 24. bxa4 d5 25. exd5 exd5 26. Bf4 dxc4 27. Bxb8
Rxb8 28. Rxc4 Kf8 29. Re1 Qd6 30. Qe4 Nf6 31. Qf5 Rd8 32. Re3 Nd5 33. Re1 Nf6
34. Re3 Nd5 35. Re1 g6 36. Qe5 Qxe5 37. Rxe5 Nb6 38. Rh4 Nd7 39. Re3 h5 40. a5
Ra8 41. Ra4 Nb8 42. Ra1 Na6 43. Ra3 Bd7 44. f4 Be6 45. g3 Ke7 46. Kf2 Kd6 47.
Ra1 Rb8 48. h4 Rb2+ 49. Re2 Rb3 50. Rd2 Bf5 51. d4 c4 52. Re1 c3 53. Rde2 Rb2
54. Kg1 Rxe2 55. Rxe2 c2 56. Re1 Bg4 57. Rc1 Bd1 58. Kg2 Nb4 59. a6 Nxa6 60. f5
gxf5 61. Kf1 Nb4 62. Ra1 Nd3 63. Kg2 c1=Q 64. Rxc1 Nxc1 65. Kf2 Kd5 66. Ke1 Ba4
67. Kf2 Kxd4 68. Kg2 Ke3 69. Kh2 Kf2 70. Kh1 Ne2 71. Kh2 Bd7 72. g4 fxg4 73.
Kh1 73... g3 {Hossa stalemated} 1/2-1/2

[Event "ICS rated blitz match"]
[Site "204.178.125.65"]
[Date "1999.09.24"]
[Round "?"]
[White "Hossa"]
[Black "PUBCHESS"]
[Result "0-1"]
[WhiteElo "2410"]
[BlackElo "2369"]
[PlyCount "124"]
[EventDate "1999.??.??"]

1. e4 c5 2. Nf3 d6 3. d4 cxd4 4. Nxd4 Nf6 5. Nc3 e6 6. Bb5+ Nbd7 7. O-O a6 8.
Bc4 b5 9. Bd3 Qc7 10. Bg5 Bb7 11. Qf3 Be7 12. Qg3 h6 13. Bxf6 Bxf6 14. Ncxb5
axb5 15. Nxb5 Qb8 16. Nxd6+ Ke7 17. Nc4 Qxg3 18. fxg3 Rhc8 19. Rfb1 Ba6 20. Ne3
Bxd3 21. cxd3 Nc5 22. Ng4 Bd4+ 23. Kf1 h5 24. Nf2 Bxf2 25. Kxf2 Nxd3+ 26. Ke2
Ne5 27. Ke3 Rc2 28. Kf4 f6 29. g4 hxg4 30. Kg3 g5 31. a4 Rd8 32. Rd1 Rxd1 33.
Rxd1 Rxb2 34. Rd4 Ra2 35. a5 Rxa5 36. Kf2 Ra2+ 37. Kf1 f5 38. exf5 exf5 39. Rd5
Ke6 40. Rd8 f4 41. Re8+ Kf5 42. Rg8 f3 43. Rf8+ Ke4 44. gxf3+ gxf3 45. h3 g4
46. hxg4 Nxg4 47. Re8+ Kf4 48. Rf8+ Kg3 49. Ke1 f2+ 50. Kd1 Ne3+ 51. Kc1 f1=Q+
52. Rxf1 Nxf1 53. Kb1 Rf2 54. Kc1 Kf3 55. Kb1 Ke3 56. Kc1 Kd3 57. Kb1 Ne3 58.
Kc1 Rc2+ 59. Kb1 Kc3 60. Ka1 Kb3 61. Kb1 Rc4 62. Ka1 62... Rc1# {
Hossa checkmated} 0-1

[Event "ICS rated blitz match"]
[Site "204.178.125.65"]
[Date "1999.10.11"]
[Round "?"]
[White "Hossa"]
[Black "PUBCHESS"]
[Result "1-0"]
[WhiteElo "2472"]
[BlackElo "2219"]
[PlyCount "57"]
[EventDate "1999.??.??"]

1. e4 c5 2. Nf3 d6 3. d4 cxd4 4. Nxd4 Nf6 5. Nc3 e6 6. g3 Qc7 7. Bd3 a6 8. Bg5
Be7 9. O-O Nbd7 10. Re1 b6 11. Qd2 Bb7 12. Rad1 h6 13. Bxf6 Bxf6 14. Bf1 Be7
15. Bg2 h5 16. Nf3 h4 17. Nxh4 Bxh4 18. gxh4 Rxh4 19. Qxd6 Qxd6 20. Rxd6 Ke7
21. Red1 Bc8 22. a4 Rb8 23. R6d4 Ne5 24. Ne2 Nc6 25. R4d3 Ne5 26. Rg3 g6 27.
Rh3 Rg4 28. f3 Rg5 29. f4 {PUBCHESS resigns} 1-0

[Event "ICS rated blitz match"]
[Site "204.178.125.65"]
[Date "1999.09.29"]
[Round "?"]
[White "Hossa"]
[Black "PUBCHESS"]
[Result "1-0"]
[WhiteElo "2491"]
[BlackElo "2346"]
[Annotator "Fritz 5.32 (22s)"]
[PlyCount "151"]
[EventDate "1999.??.??"]

1. e4 c5 2. Nf3 e6 3. d4 cxd4 4. Nxd4 a6 5. Nc3 Qc7 6. Be3 Nf6 7. Bd3 d6 8. O-O
Be7 9. Qf3 $146 (9. Nb3 O-O 10. f4 Nbd7 11. Rf3 Re8 12. Rh3 Bf8 13. g4 Nc5 14.
g5 Nfd7 15. Qh5 h6 16. gxh6 g6 17. Qg5 Kh7 18. Nxc5 Nxc5 19. Rg3 Be7 20. Qg4
Bd7 21. Bxc5 Qxc5+ 22. Kg2 Rg8 23. Qe2 23... b5 {
Li,Q-Chanda,S/Bratislava 1993/TD/0-1 (53)}) (9. Kh1 b5 (9... O-O 10. f4 Nbd7
11. Qf3 b5 12. Rad1 Bb7 13. f5 e5 14. Nde2 b4 15. Nd5 Nxd5 16. exd5 Nf6 17. c4
e4 18. Bxe4 Qxc4 19. Bd3 Qg4 20. Qxg4 Nxg4 21. Bd4 Bxd5 22. Nf4 Bb7 23. Nh5 Nf6
24. Nxf6+ {Felden,D-Reinhard,M/Hamburg 1993/TD/1-0 (35)}) 10. f4 Bb7 11. a3
Nbd7 12. Nb3 O-O 13. Qe2 Rfd8 14. Rad1 Rac8 15. h3 Nc5 16. Nxc5 dxc5 17. e5 Nd5
18. Nxd5 Bxd5 19. c4 bxc4 20. Bxc4 a5 21. Bc1 Qc6 22. Bxd5 Rxd5 23. Rxd5 23...
Qxd5 {Major,I-Csomor,B/Papp Bela mem 1995/EXT 99/1-0 (56)}) 9... Nbd7 {
Schwarz hat Entwicklungsnachteil.} 10. Qg3 O-O 11. Rad1 b5 12. Bh6 {Droht Matt}
12... Ne8 13. Bg5 Bxg5 14. Qxg5 Bb7 15. Rfe1 Rc8 16. Re3 (16. a3 16... Nef6 $11
) 16... Qd8 17. Qxd8 Rxd8 18. a4 bxa4 19. Nxa4 Rc8 20. f4 Nef6 21. Ree1 Rfd8
22. Rd2 Kf8 23. f5 {Weiss gewinnt Raum} 23... Ke7 24. fxe6 24... fxe6 {
Ueberdeckt f5} 25. Nf3 Ng4 26. Ng5 h6 27. Nf3 Nge5 28. Nxe5 28... Nxe5 {
Nicht von der Hand zu weisen} 29. Rf2 Rf8 30. Nb6 Rc6 31. Rxf8 Kxf8 32. Na4 Ke7
33. Rf1 Rc8 34. Nc3 Nc4 35. Bxc4 Rxc4 36. Re1 Kf6 37. Kf2 (37. e5+ dxe5 38. g3
38... a5 $17) 37... Ke5 38. Kf3 (38. Ra1 Bxe4 39. Nxe4 39... Kxe4 $17 (39...
Rxe4 $143 40. Rxa6 d5 41. c3 $11)) 38... Kf6 $11 (38... a5 $17 $142) 39. Ra1
$15 (39. Kf2 39... a5 $15) 39... Ke7 40. Ke3 Rc8 41. Rf1 Rc5 42. g4 Rg5 43. h3
Rc5 44. h4 Re5 45. Kd3 Rc5 46. Rf4 Rc8 47. g5 hxg5 48. hxg5 Rh8 49. g6 49...
Rh3+ $16 (49... Rf8 $142 {ist noch spielbar} 50. Rxf8 50... Kxf8 $15) 50. Kc4
Bc6 51. Rf7+ Ke8 52. Rxg7 Rg3 53. b3 $14 (53. Kb4 53... Kd8 $16) 53... Bd7 $16
(53... Kd8 54. b4 $14) 54. b4 Rg2 55. Kd3 Rg3+ 56. Kd4 $11 (56. Kd2 Rg2+ 57.
Kd1 57... Kd8 $14) 56... Rg2 $16 (56... e5+ $5 57. Kc4 Be6+ 58. Nd5 58... Kf8
$11) 57. Rg8+ Ke7 58. Ra8 Rxg6 59. Rxa6 Rg2 60. Ra2 Rd2+ 61. Kc4 (61. Ke3 61...
Rh2 $16) 61... Rh2 (61... e5 62. Ra7 $16) 62. b5 Rh8 63. Ra7 Rc8+ 64. Kb4 Rb8
65. Ra6 65... Kd8 $2 $18 (65... Bc8 $142 66. Ra1 66... Bd7 $16) 66. Rxd6 Kc7
67. e5 Kd8 (67... Rb7 {aendert nichts mehr} 68. Kc5 $18) 68. b6 Ke7 69. Ne4 Be8
(69... Bc8 {macht keinen grossen Unterschied} 70. Nc5 $18) 70. Nc5 Bf7 (70...
Kf7 {holt die Kuh nicht vom Eis} 71. Ka5 $18) 71. c4 Be8 72. Rxe6+ Kf7 73. Rd6
Ke7 74. Na6 (74. b7 $5 $142 {waere im Gewinnsinne praeziser} 74... Bf7 $18)
74... Rc8 (74... Rb7 $18 {koennte noch eine geringe Chance darstellen}) 75. b7
{Mit der Mattdrohung bxc8Q} 75... Rb8 76. Nxb8 (76. Nxb8 Kf7 77. Nd7 Bxd7 78.
Rf6+ Kg7 79. b8=Q Bc8 80. Qd6 Bh3 81. Qe7+ Kg8 82. Rf8#) 1-0

[Event "ICS rated blitz match"]
[Site "204.178.125.65"]
[Date "1999.10.11"]
[Round "?"]
[White "Hossa"]
[Black "PUBCHESS"]
[Result "1-0"]
[WhiteElo "2477"]
[BlackElo "2214"]
[PlyCount "127"]
[EventDate "1999.??.??"]

1. e4 c5 2. Nf3 d6 3. d4 cxd4 4. Nxd4 Nf6 5. Nc3 e6 6. g3 a6 7. Bg2 Qc7 8. O-O
Be7 9. f3 Nc6 10. Be3 O-O 11. Nde2 b5 12. Nf4 Bb7 13. Qd2 Rac8 14. Rfd1 Rfd8
15. Qf2 Nd7 16. Nce2 Nce5 17. Nd4 Nc4 18. Nfxe6 fxe6 19. Nxe6 Qc6 20. Bd4 Bf6
21. Nxd8 Rxd8 22. Bxf6 Nxf6 23. Qd4 Re8 24. b3 Na3 25. Qxd6 Qxd6 26. Rxd6 Nxc2
27. Rc1 Nb4 28. a3 Nc6 29. Rcxc6 Bxc6 30. Rxc6 Ra8 31. e5 Ne8 32. f4 Ra7 33.
Bd5+ Kf8 34. Kf2 Ke7 35. g4 a5 36. Re6+ Kd7 37. Rb6 b4 38. axb4 axb4 39. Rxb4
Nc7 40. Bg8 Ra2+ 41. Kg3 h6 42. Rd4+ Ke7 43. Rc4 Ne8 44. Bd5 Rb2 45. Rc1 Kd7
46. h4 Nc7 47. Bc4 Ne6 48. Rd1+ Ke7 49. Bxe6 Kxe6 50. Rd6+ Ke7 51. Rb6 Kf7 52.
Kf3 Ke7 53. Ke4 Re2+ 54. Kf5 Rf2 55. Ra6 Kf7 56. e6+ Kg8 57. Ra8+ Kh7 58. e7
Re2 59. e8=Q Rxe8 60. Rxe8 g6+ 61. Kf6 g5 62. fxg5 hxg5 63. h5 Kh6 64. Rh8# {
PUBCHESS checkmated} 1-0

[Event "ICS rated blitz match"]
[Site "204.178.125.65"]
[Date "1999.10.06"]
[Round "?"]
[White "Hossa"]
[Black "PUBCHESS"]
[Result "1/2-1/2"]
[WhiteElo "2566"]
[BlackElo "2294"]
[PlyCount "47"]
[EventDate "1999.??.??"]

1. d4 Nf6 2. c4 c5 3. d5 b5 4. cxb5 a6 5. bxa6 g6 6. e4 d6 7. Bb5+ Bd7 8. Bxd7+
Nbxd7 9. Qe2 Bg7 10. Nf3 O-O 11. O-O Qb6 12. Bg5 Rfb8 13. a7 Rxa7 14. Bc1 Ng4
15. Nbd2 Qa6 16. Qxa6 Rxa6 17. h3 Nge5 18. Ne1 Nb6 19. Nb3 Na4 20. Rb1 Nb6 21.
Ra1 Na4 22. Rb1 Nb6 23. Ra1 Na4 24. Rb1 {Game drawn by repetition} 1/2-1/2

[Event "ICS rated blitz match"]
[Site "204.178.125.65"]
[Date "1999.10.11"]
[Round "?"]
[White "Hossa"]
[Black "PUBCHESS"]
[Result "1-0"]
[WhiteElo "2465"]
[BlackElo "2226"]
[PlyCount "131"]
[EventDate "1999.??.??"]

1. e4 c5 2. Nf3 d6 3. d4 cxd4 4. Nxd4 Nf6 5. Nc3 e6 6. g3 a6 7. Bg2 Qc7 8. O-O
Be7 9. f3 O-O 10. Re1 b5 11. Bg5 Bb7 12. Qd2 Nbd7 13. Rad1 Rac8 14. a4 b4 15.
Na2 a5 16. Qe2 Ne5 17. Nc1 Nc4 18. Nd3 Ba6 19. Bc1 Rfd8 20. Qf2 d5 21. e5 Nd7
22. f4 Nc5 23. Nxc5 Bxc5 24. Bh3 Qb6 25. Bg4 g6 26. Bh3 Rc7 27. Kh1 Rdc8 28.
Bf1 Qa7 29. g4 Nb6 30. Bxa6 Qxa6 31. Qe2 Qxe2 32. Nxe2 Bf8 33. Nd4 Nxa4 34. b3
Nc5 35. Nb5 Rb7 36. Nd4 Ne4 37. Be3 Rbc7 38. f5 Rc3 39. Rd3 Bc5 40. Rxc3 Nxc3
41. fxe6 Bxd4 42. exf7+ Kxf7 43. Bxd4 Nb5 44. Rf1+ Ke7 45. Bb6 Rxc2 46. Bxa5
Nd4 47. Bxb4+ Ke6 48. Bd6 Nxb3 49. Rf6+ Kd7 50. Rf7+ Kc8 51. Rxh7 d4 52. Rg7 d3
53. Bb4 d2 54. Bxd2 Rxd2 55. Rxg6 Kd7 56. h4 Nd4 57. Rd6+ Ke7 58. h5 Nf3 59.
Rxd2 Nxd2 60. h6 Kf7 61. e6+ Kxe6 62. h7 Ne4 63. h8=Q Nf2+ 64. Kg2 Nxg4 65.
Qc8+ Ke5 66. Qxg4 {PUBCHESS resigns} 1-0

[Event "ICS rated blitz match"]
[Site "204.178.125.65"]
[Date "1999.09.20"]
[Round "?"]
[White "Hossa"]
[Black "PUBCHESS"]
[Result "0-1"]
[WhiteElo "2380"]
[BlackElo "2323"]
[PlyCount "190"]
[EventDate "1999.??.??"]

1. e4 c5 2. Nf3 d6 3. Bb5+ Nd7 4. O-O Ngf6 5. d3 e6 6. Bg5 Be7 7. c4 h6 8. Be3
O-O 9. Nc3 Qc7 10. b3 Nb8 11. Qe2 a6 12. Ba4 b6 13. Rad1 Bb7 14. Rfe1 Ra7 15.
Nd2 Ra8 16. Qf3 Nc6 17. Qg3 Kh8 18. Nf3 Rac8 19. d4 cxd4 20. Nxd4 Nxd4 21. Rxd4
b5 22. Bxb5 axb5 23. Nxb5 Qb8 24. Nxd6 Bxd6 25. Qxd6 Qxd6 26. Rxd6 Nxe4 27. Rd7
Bc6 28. Re7 Nf6 29. a3 Kg8 30. Bd4 Rfe8 31. Bxf6 gxf6 32. Rxe8+ Rxe8 33. Rd1
Kf8 34. Rd6 Rc8 35. Rd2 Ke7 36. f3 f5 37. b4 Ba4 38. c5 Rd8 39. Ra2 Rd1+ 40.
Kf2 Kd7 41. f4 Kc6 42. Kg3 Kd5 43. Kf2 Kc4 44. Re2 Rd3 45. Ra2 Kb3 46. Ra1 Kb2
47. Re1 Kxa3 48. Rb1 Rb3 49. Rc1 Kxb4 50. c6 Rc3 51. Rxc3 Kxc3 52. c7 Bd7 53.
Kg3 Kd4 54. Kh4 Kc5 55. Kh5 Kc6 56. Kxh6 Kxc7 57. Kg7 Be8 58. h4 f6 59. Kxf6
Kd6 60. Kg5 Ke7 61. g3 Kf7 62. h5 Kg7 63. g4 Bd7 64. h6+ Kh7 65. gxf5 exf5 66.
Kh5 Be8+ 67. Kg5 Bg6 68. Kh4 Kxh6 69. Kg3 Kg7 70. Kf2 Kf6 71. Ke3 Ke6 72. Kd4
Kd6 73. Kc4 Bf7+ 74. Kd4 Be6 75. Kd3 Kd5 76. Ke3 Kc4 77. Kf3 Kd4 78. Kf2 Ke4
79. Ke2 Kxf4 80. Kd3 Kg3 81. Kd4 f4 82. Ke5 f3 83. Kxe6 f2 84. Kd5 f1=Q 85. Kc5
Qf4 86. Kd5 Kf3 87. Kc5 Qe4 88. Kd6 Ke3 89. Kc5 Kd3 90. Kd6 Kc4 91. Kc7 Kc5 92.
Kd7 Qe5 93. Kc8 Qg7 94. Kd8 Kd6 95. Ke8 95... Qe7# {Hossa checkmated} 0-1

[Event "ICS rated blitz match"]
[Site "204.178.125.65"]
[Date "1999.10.06"]
[Round "?"]
[White "Hossa"]
[Black "PUBCHESS"]
[Result "0-1"]
[WhiteElo "2501"]
[BlackElo "2432"]
[PlyCount "124"]
[EventDate "1999.??.??"]

1. c4 Nf6 2. Nc3 e6 3. d4 d5 4. cxd5 exd5 5. Bg5 Be7 6. e3 c6 7. Bd3 Nbd7 8.
Nge2 O-O 9. O-O Re8 10. Qc2 Nf8 11. Bf5 Bxf5 12. Qxf5 Ne6 13. Bxf6 Bxf6 14.
Rac1 g6 15. Qg4 Bg7 16. Rc2 Qe7 17. Rfc1 f5 18. Qg3 Ng5 19. Nf4 Ne4 20. Nxe4
fxe4 21. Nxg6 hxg6 22. Qxg6 Qf6 23. Qg3 Kf7 24. b4 a6 25. a4 Kg8 26. a5 Qf7 27.
Qg4 Re6 28. Kh1 Rg6 29. Qd1 Qe6 30. Qe1 Rf8 31. Qf1 Qg4 32. Rc3 Rf5 33. h3 Rh5
34. R3c2 Rgh6 35. Kh2 Bf8 36. f4 exf3 37. e4 dxe4 38. Qc4+ Kh8 39. Qf7 Rxh3+
40. Kg1 Rh1+ 41. Kf2 Qxg2+ 42. Ke3 Qg5+ 43. Kxe4 R1h4+ 44. Kd3 Bg7 45. Qe8+ Kh7
46. Rc4 Qf5+ 47. Kc3 f2 48. Qe2 Rh3+ 49. Kb2 Rh1 50. Rf1 Rxf1 51. Qxf1 Qf3 52.
Rc1 Bxd4+ 53. Kc2 Rh3 54. Kd2 Qe3+ 55. Kd1 Rg3 56. Qh1+ Kg7 57. Qh6+ Kxh6 58.
Rxc6+ bxc6 59. Kc2 Qd3+ 60. Kc1 Qc3+ 61. Kd1 Re3 62. b5 62... Re1# {
Hossa checkmated} 0-1

[Event "ICS rated blitz match"]
[Site "204.178.125.65"]
[Date "1999.09.23"]
[Round "?"]
[White "Hossa"]
[Black "PUBCHESS"]
[Result "1-0"]
[WhiteElo "2386"]
[BlackElo "2243"]
[PlyCount "145"]
[EventDate "1999.??.??"]

1. e4 c5 2. Nf3 d6 3. d4 cxd4 4. Nxd4 Nf6 5. Nc3 g6 6. Bc4 Bg7 7. h3 O-O 8. Bb3
Nc6 9. Be3 a6 10. O-O Qc7 11. f3 Na5 12. Qd2 Rd8 13. Bh6 Bh8 14. Rad1 Bd7 15.
Qg5 Nxb3 16. Nxb3 Bc6 17. Rd2 b5 18. a3 a5 19. Nd4 b4 20. Nce2 e5 21. Nxc6 Qxc6
22. Qe3 Nd7 23. axb4 axb4 24. c3 bxc3 25. Nxc3 Nb6 26. Nd5 Nxd5 27. Rxd5 Rab8
28. Rc1 Qb6 29. Qxb6 Rxb6 30. Rc2 Bg7 31. Be3 Rb3 32. Bg5 f6 33. Bh4 Rd7 34.
Kf2 Kf7 35. g4 g5 36. Bg3 Bf8 37. h4 Rdb7 38. Rdd2 h6 39. Ke2 Ke6 40. Bf2 Be7
41. Be1 Bd8 42. Rc6 Bc7 43. Rdc2 Kd7 44. hxg5 hxg5 45. Bd2 Bd8 46. Bc1 Rc7 47.
Rxc7+ Bxc7 48. Rd2 Bb6 49. Rd3 Rb5 50. b3 Bc5 51. Be3 Ke6 52. Kf2 Bb4 53. Bc1
Rb8 54. Ke2 Rh8 55. Rd5 Rh2+ 56. Kd3 Rf2 57. Kc4 Be1 58. Ba3 Rxf3 59. Rxd6+ Kf7
60. Rd7+ Kg6 61. Bf8 Rc3+ 62. Kd5 Rd3+ 63. Ke6 Rxd7 64. Kxd7 Kf7 65. Bd6 Kg6
66. Ke6 Bc3 67. Be7 f5 68. gxf5+ Kh5 69. f6 g4 70. f7 g3 71. f8=Q g2 72. Qf5+
Kh6 73. Bf8# {PUBCHESS checkmated} 1-0

[Event "ICS rated blitz match"]
[Site "204.178.125.65"]
[Date "1999.09.23"]
[Round "?"]
[White "Hossa"]
[Black "PUBCHESS"]
[Result "1-0"]
[WhiteElo "2406"]
[BlackElo "2225"]
[PlyCount "95"]
[EventDate "1999.??.??"]

1. e4 c5 2. Nf3 d6 3. d4 cxd4 4. Nxd4 Nf6 5. Nc3 a6 6. Bg5 e6 7. Bxf6 Qxf6 8.
Be2 Nc6 9. Nxc6 bxc6 10. O-O Qd8 11. Qd4 e5 12. Qc4 Qb6 13. Rfd1 Be6 14. Qa4
Bd7 15. Qb3 Qxb3 16. axb3 Bc8 17. b4 Be7 18. b5 cxb5 19. Bxb5+ Bd7 20. Rxa6
Rxa6 21. Bxa6 O-O 22. Bc4 Be6 23. Bxe6 fxe6 24. f3 Rb8 25. Rb1 Rb4 26. Kf2 Kf8
27. g3 Ke8 28. h4 Kd7 29. Ke3 Bd8 30. Ke2 Bb6 31. h5 Bd4 32. Nd1 Bc5 33. Nf2
Bxf2 34. Kxf2 Kc6 35. Ke2 Kc5 36. c3 Rb3 37. Kd2 Kc4 38. Kc2 d5 39. Ra1 Rb5 40.
Ra7 Kc5 41. Rxg7 d4 42. Rxh7 dxc3 43. Rc7+ Kd6 44. Rxc3 Rb7 45. g4 Rh7 46. b4
Ke7 47. Rc7+ Kf6 48. Rxh7 {PUBCHESS resigns} 1-0

[Event "ICS rated blitz match"]
[Site "204.178.125.65"]
[Date "1999.09.23"]
[Round "?"]
[White "Hossa"]
[Black "PUBCHESS"]
[Result "1-0"]
[WhiteElo "2422"]
[BlackElo "2209"]
[PlyCount "73"]
[EventDate "1999.??.??"]

1. e4 c5 2. Nf3 d6 3. d4 cxd4 4. Nxd4 Nf6 5. Nc3 e6 6. Bb5+ Nbd7 7. O-O a6 8.
Bc4 b5 9. Bd3 Bb7 10. a3 Qc7 11. f4 Be7 12. Bd2 O-O 13. Re1 Rac8 14. Qf3 Qb8
15. Rad1 Rfd8 16. Re2 Qa8 17. Kh1 Nc5 18. Rc1 Bf8 19. b4 Nxd3 20. cxd3 Rd7 21.
Be3 Rdc7 22. Rec2 Nd7 23. Qh5 g6 24. Qg5 Bg7 25. Nd5 Rxc2 26. Ne7+ Kf8 27. Nxc2
Re8 28. Bd4 Bxd4 29. Nxg6+ hxg6 30. Nxd4 Kg7 31. Rc7 Rc8 32. Nxe6+ Kg8 33. Qh6
fxe6 34. Qxg6+ Kf8 35. Qh6+ Ke7 36. Qg7+ Ke8 37. Qxd7+ {PUBCHESS resigns} 1-0

[Event "ICS rated blitz match"]
[Site "204.178.125.65"]
[Date "1999.09.23"]
[Round "?"]
[White "Hossa"]
[Black "PUBCHESS"]
[Result "1-0"]
[WhiteElo "2363"]
[BlackElo "2266"]
[PlyCount "89"]
[EventDate "1999.??.??"]

1. e4 c5 2. Nf3 d6 3. d4 cxd4 4. Nxd4 Nf6 5. Nc3 a6 6. Bg5 e6 7. Bxf6 Qxf6 8.
Be2 Nc6 9. Nxc6 bxc6 10. O-O Rb8 11. Rb1 Be7 12. Bd3 O-O 13. Qe2 e5 14. Bxa6
Be6 15. a3 d5 16. exd5 cxd5 17. Rfe1 e4 18. Red1 Qe5 19. Qe3 f5 20. Nb5 Ra8 21.
Bb7 Rab8 22. Qd4 Qxd4 23. Nxd4 Kf7 24. Nxe6 Kxe6 25. Bxd5+ Kf6 26. b4 Bd6 27.
Bxe4 Be5 28. Bd5 Rfc8 29. c4 Rc7 30. Rd3 Ra7 31. Bc6 Rc8 32. Bb5 Rac7 33. a4 g5
34. Rbd1 h5 35. Rd7 h4 36. c5 g4 37. Rxc7 Rxc7 38. Rd7 Rxd7 39. Bxd7 g3 40.
hxg3 hxg3 41. fxg3 Bxg3 42. Kf1 Be5 43. a5 Ke7 44. Bxf5 Bc3 45. a6 {
PUBCHESS resigns} 1-0

[Event "ICS rated blitz match"]
[Site "204.178.125.65"]
[Date "1999.09.23"]
[Round "?"]
[White "Hossa"]
[Black "PUBCHESS"]
[Result "0-1"]
[WhiteElo "2395"]
[BlackElo "2234"]
[PlyCount "150"]
[EventDate "1999.??.??"]

1. e4 c5 2. Nf3 e6 3. d4 cxd4 4. Nxd4 a6 5. Bd3 Qc7 6. O-O d6 7. Nc3 g6 8. Nce2
Bg7 9. Be3 Ne7 10. Qd2 O-O 11. Bh6 e5 12. Bxg7 Kxg7 13. Nb3 Nbc6 14. c4 Be6 15.
Rad1 Rad8 16. f3 Nc8 17. f4 exf4 18. Qxf4 Qe7 19. a3 Ne5 20. Qf2 Bxc4 21. Bxc4
Nxc4 22. Qd4+ Ne5 23. Rc1 f6 24. Nf4 Nc6 25. Qc4 Rde8 26. Nd2 Qe5 27. Qb3 Rf7
28. Kh1 Qb5 29. Qxb5 axb5 30. g4 Nb6 31. b3 Nd7 32. Nd3 Nde5 33. Nxe5 fxe5 34.
Rxf7+ Kxf7 35. Rf1+ Ke7 36. Rf3 Rf8 37. Rxf8 Kxf8 38. h4 Ke7 39. h5 Ke6 40. Nf3
gxh5 41. gxh5 h6 42. Nh2 Kf6 43. Nf1 Kg5 44. Ng3 Ne7 45. Kg2 d5 46. exd5 Nxd5
47. Kf3 Nf4 48. Ke4 Nxh5 49. Nxh5 Kxh5 50. Kxe5 Kg4 51. Ke4 h5 52. Ke3 Kg3 53.
Ke2 Kg2 54. Ke3 h4 55. Kd4 h3 56. Kc5 h2 57. Kxb5 h1=Q 58. a4 Kf3 59. Kb4 Ke4
60. Kb5 Kd5 61. Kb6 Kd4 62. Kc7 Kc3 63. a5 Kxb3 64. Kd6 Kb4 65. Ke5 Kxa5 66.
Kf5 Kb5 67. Kg5 Kc5 68. Kg6 Kd5 69. Kg5 Qe4 70. Kf6 Kd6 71. Kf7 Qf5+ 72. Kg7
Ke7 73. Kh6 Qg4 74. Kh7 Kf7 75. Kh8 75... Qg7# {Hossa checkmated} 0-1